| 000 | 00976nam a22003137a 4500 | ||
|---|---|---|---|
| 003 | CHAP | ||
| 005 | 20220329134006.0 | ||
| 008 | 971013s1981 r 00010 d | ||
| 010 | _a13739 | ||
| 011 | _a14711 | ||
| 035 | _a18785 | ||
| 040 | _cCHAP | ||
| 082 |
_a574.5248 _bB4 |
||
| 100 | 0 | 0 |
_aBegon, Michael. _911281 |
| 245 |
_aPopulation ecology _b: a unified study of animals and plants |
||
| 260 |
_aOxford : _bBlackwell, _c1981 |
||
| 300 |
_a200 p. _b: ilus. ; gráfs. |
||
| 590 |
_aBATCH-UPD _b10 _c20130110 _lUCH01 _h1005 |
||
| 590 |
_aBATCH-UPD _b10 _c20130410 _lUCH01 _h0615 |
||
| 590 |
_aBATCH-UPD _b10 _c20130914 _lUCH01 _h1248 |
||
| 590 |
_aCONVERSION _b10 _c20130109 _lUCH01 _h1309 |
||
| 650 | 1 | 4 |
_aEcología animal. _935170 |
| 650 | 1 | 4 |
_aEcología vegetal. _935188 |
| 650 | 1 | 4 |
_aSinecología. _9106578 |
| 700 | 0 |
_aMartimer, Martin. _971638 |
|
| 901 | _aBK | ||
| 942 | _cLIBRO | ||
| 949 |
_a574.5248 B4 _bBC _cLIBRO _d33724000402921 _eLIBRO _gI. 125706 _h65657 _i18785 _si |
||
| 999 |
_c13739 _d13739 |
||